Statistics for Top 50 Most Populated Countries

Click here to take the quiz!

General Stats

  • This quiz has been taken 603 times
  • The average score is 43 of 50

Answer Stats

PopulationCountry% Correct
1,399,900,000China
100%
1,354,510,000India
100%
330,201,000United States
100%
210,686,000Brazil
99%
266,911,900Indonesia
98%
66,435,600United Kingdom
98%
67,069,000France
97%
83,073,100Germany
96%
126,140,000Japan
96%
126,577,691Mexico
96%
146,793,744Russia
96%
99,570,900Egypt
95%
206,602,000Pakistan
95%
60,262,701Italy
94%
46,934,632Spain
94%
44,938,712Argentina
93%
37,807,100Canada
93%
167,545,000Bangladesh
91%
82,930,000Iran
91%
200,963,599Nigeria
91%
86,790,567D.R. Congo
90%
34,218,169Saudi Arabia
90%
58,775,022South Africa
90%
82,003,882Turkey
90%
48,258,494Colombia
89%
51,811,167South Korea
89%
66,431,600Thailand
89%
96,208,984Vietnam
89%
32,131,400Peru
88%
41,976,189Ukraine
88%
98,665,000Ethiopia
87%
43,378,027Algeria
86%
39,127,900Iraq
86%
108,491,000Philippines
86%
38,386,000Poland
86%
42,005,795Sudan
83%
32,219,521Venezuela
83%
47,564,296Kenya
81%
35,715,000Morocco
80%
32,654,200Malaysia
79%
55,890,747Tanzania
79%
32,225,560Afghanistan
77%
54,339,766Myanmar
77%
30,175,553Angola
72%
40,006,700Uganda
71%
29,161,922Yemen
68%
30,280,811Ghana
66%
28,571,310Mozambique
65%
29,609,623Nepal
64%
33,819,105Uzbekistan
53%

Score Distribution

Percentile by Number Answered

Percent of People with Each Score

Your Score History

You have not taken this quiz